000 00565nam a22001817a 4500
005 20251108175404.0
008 250721s2015 xx 000 0 ara d
082 1 4 _a813.009/راش
100 1 _aراشد، ليديا
245 1 0 _aفن القصة لدى بسمة النمري : استبصار موضوعي و فني /
264 1 _aعمان :
_bالان،
_c2015.
300 _a255 ص.
650 1 7 _aالروايات العربية
650 1 7 _aالنقد الأدبي
650 1 7 _aالتحليل الموضوعي
942 _2ddc
_cBK
999 _c132977
_d132977